| 000 | 01548nam a2200301 a 4500 | ||
|---|---|---|---|
| 001 | 0000419 | ||
| 003 | DO-SdBNP | ||
| 005 | 20180119154320.0 | ||
| 007 | 0000419 | ||
| 008 | 091125s1990 sp a 000 0 spa d | ||
| 020 | _a8476556381 | ||
| 040 |
_aBPMSU _bspa _cBPMSU |
||
| 100 | _aParker, Steve | ||
| 245 | 1 | 0 |
_aCómo es la tierra / _cSteve Parker ; ilustraciones Giuliano Fornari, Luciano Corbella ; traducción Javier Gómez Rea |
| 250 | _a3a. ed. | ||
| 260 |
_a[España] : _bPlaza joven, _c1990. |
||
| 300 |
_a64 p. : _bil. ; _c29 cm. |
||
| 490 | 1 | _aVentana al mundo | |
| 505 | 0 |
_tEl sorprendente paisaje terrestre -- _tLa tierra en el espacio -- _tEn el centro de la tierra -- _tLa tierra cambia -- _tFormación de las montañas -- _tEl perfil oceánico -- _t¡Terremoto! -- _tUn paisaje explosivo -- _tRocas antiguas -- _tEl tiempo en las rocas -- _tConservado en piedra -- _tEl tiempo cambia -- _tEl agua da vueltas y más vueltas -- _tLa vida en el mundo -- _tNuevas tierras -- _tEsculturas de la naturaleza -- _tEl mundo subterráneo -- _tPaisaje helado -- _tMares, mareas y playas -- _tRocas vivas en el océano -- _tMisterios de la tierra -- _tRecursos naturales -- _tEl cofre del tesoro -- _tLa contaminación del planeta -- _tEnergía natural -- _tGlosario -- _tÍndice de nombres -- |
|
| 700 | 1 |
_aFornari, Giuliano _eil. |
|
| 700 | 1 |
_aCorbella, Luciano _eil. |
|
| 700 | 1 |
_aGómez Rea, Javier _etrad. |
|
| 830 | 0 | _aVentana al mundo | |
| 910 | _a | ||
| 942 |
_2ddc _cBK |
||
| 945 | _aInventariado, 2018 / YL | ||
| 956 |
_aYngrid Lockward _b10 _cBPMSU |
||
| 999 |
_c10427 _d10427 |
||